00965nam a2200229 i 4500001000300000100002000003245012000023246010400143260009900247300002100346490002000367500011100387504001200498650002100510830002000531020001500551040000800566041001100574080001100585008004100596856009800637bg1 aMcDOUGALL, Alan10aSwapy :btechniki zawierania transakcji i zarządzanie ryzykiem /cAlan McDougall ; przeł. Grzegorz Łuczkiewicz. iTyt. oryg.:aMastering swaps markets : a step-by-step guide to the products, applications and risks aKraków :bOficyna Ekonomiczna. Oddział Polskich Wydawnictw Profesjonalnych :b"ABC",c2001. a214 s. ;c24 cm.1 aRynki Finansowe aTyt. oryg.: "Mastering swaps markets : a step-by-step guide to the products, applications and risks" 1999. aIndeks. 9aSwapy procentowe aRynki Finansowe a8388597302 cBPK1 aplhen a336.76 s pl f |000 0 pol  uhttp://koha.tu.koszalin.pl/cgi-bin/koha/opac-detail.pl?biblionumber=39965yKatalog online BPK